Statistics for 45宮崎県の市町村

Click here to take the quiz!

General Stats

  • This quiz has been taken 29 times
    (25 since last reset)
  • The average score is 12 of 26

Answer Stats

Answer% Correct
宮崎市
100%
都城市
100%
延岡市
100%
日向市
92%
日南市
85%
小林市
62%
えびの市
62%
西都市
54%
串間市
46%
児湯郡高鍋町
38%
西諸県郡高原町
31%
東諸県郡国富町
31%
東諸県郡綾町
31%
児湯郡新富町
31%
児湯郡西米良村
31%
児湯郡都農町
31%
東臼杵郡門川町
31%
東臼杵郡諸塚村
31%
東臼杵郡椎葉村
31%
東臼杵郡美郷町
31%
西臼杵郡高千穂町
31%
西臼杵郡五ヶ瀬町
31%
北諸県郡三股町
23%
児湯郡木城町
23%
児湯郡川南町
23%
西臼杵郡日之影町
23%

Score Distribution

Percentile by Number Answered

Percent of People with Each Score

Your Score History

You have not taken this quiz since the last reset